000 00791nam a2200289Ia 4500
005 20260324133505.0
008 008 260324s9999 xx 000 0 eng d
020 _a9781003113386
037 _aEBOOK
040 _aCRL
040 _beng
040 _cCRL
041 _2eng
041 _aeng
084 _qCRL
100 _aTim Youngs; Peter Kitson; Tim Fulford
_91193300
245 0 _aTravels, Explorations and Empires, 1770-1835, Part II Vol 8
245 0 _bTravel Writings on North America, the Far East, North and South Poles and the Middle East
260 _bTaylor and Francis
260 _c2003
365 _a
365 _b145
856 _uhttp://www.taylorfrancis.com/books/9781003113386
942 _cEBOOK
999 _c1792370
_d1792370